[Event "Bad Soden U14 op"]
[Site "Bad Soden"]
[Date "2019.10.04"]
[Round "2"]
[White "Pueschel Esparza, Mateo"]
[Black "Kramer, Theodor"]
[Result "1/2-1/2"]
[WhiteElo "1085"]
[BlackElo "862"]
[PlyCount "140"]
[EventDate "2019.10.03"]
[EventType "swiss"]
[EventRounds "9"]
[EventCountry "GER"]
[SourceTitle "CBM 192 Extra"]
[Source "Chessbase"]
[SourceDate "2019.11.06"]
[SourceVersion "1"]
[SourceVersionDate "2019.11.06"]
[SourceQuality "1"]

1. d4 d5 2. Bf4 Bf5 3. e3 Nf6 4. Be2 Nc6 5. c3 g6 6. Nf3 Bg7 7. 0-0 0-0 8. Nbd2 e6 9. Ne5 Nxe5 10. dxe5 Nd7 11. h3 g5 12. Bh2 Nxe5 13. Bxe5 Bxe5 14. Nf3 Bg7 15. Nd4 c6 16. Nxf5 exf5 17. Bd3 Qf6 18. f4 Bh6 19. Rf3 Kh8 20. Qe1 Rg8 21. Rg3 gxf4 22. Rxg8+ Rxg8 23. exf4 Qg7 24. Qe5 Bxf4 25. Qxg7+ Rxg7 26. Bxf5 Be3+ 27. Kf1 d4 28. Re1 Rg5 29. g4 c5 30. Ke2 b5 31. Rf1 Rg8 32. Bd7 a6 33. Rxf7 Rg7 34. Rf8+ Rg8 35. Rxg8+ Kxg8 36. Be6+ Kg7 37. h4 h5 38. Bd7 hxg4 39. Bxg4 Kh6 40. Kf3 Bc1 41. cxd4 cxd4 42. b3 d3 43. Ke4 a5 44. Kxd3 a4 45. bxa4 bxa4 46. Kc2 Bf4 47. Kb2 Bd6 48. a3 Bxa3+ 49. Kxa3 Kh7 50. Kxa4 Kh8 51. Kb5 Kg8 52. Kc5 Kh8 53. Kd5 Kg8 54. Ke5 Kh8 55. Kf6 Kg8 56. h5 Kh8 57. Kg5 Kg8 58. Bf5 Kh8 59. Kg6 Kg8 60. h6 Kh8 61. Kh5 Kg8 62. Bh3 Kh8 63. Kg6 Kg8 64. Bf5 Kh8 65. Kh5 Kg8 66. h7+ Kh8 67. Kg4 Kg7 68. Kf4 Kh8 69. Ke5 Kg7 70. Ke6 Kh8 1/2-1/2